01074 a2200229 45000010006000000050017000060080041000230030015000640400040000790800076001192450159001950200022003542640033003763000019004095050221004280410008006491000023006577000024006807000021007047000024007258560095007494108420260407155704.0260407a2006 arg spa dAR-UNSa-BCEJYS aAR-UNSa-BCEJYSbspacAR-UNSa-BCEJYS a347.78xPropiedad artística y literaria. Derechos de autor. Copyright10aDerecho del entretenimientopempresas culturales, propiedad intelectual, cine, radio y televisión, música, libros, diarios y revistas, teatro deportes a978-950-894-586-0 1aBuenos Aires :bAD-HOCc2006 a441 p.c23 cm. a1. Derecho y entretenimiento - 2. Propiedad intelectual - 3. La industria cinematográfica - 4. La radio y la televisión - 5. La industria de la música - 6. La industria editorial - 7. El espectáculo público aspa1 aVibes, Federico P.1 aDelupí, Javier E.1 aAlesina, Juan C.1 aCarbone, Rolando D.41uhttps://biblioeco.unsa.edu.ar/pmb/images/libros/L126351.jpgyImagen de portadaqimage/jpeg